Pepel ; roman-khronika kontsa XVIII-nachala XIX stoletii︠a︡ /

Bibliographic Details
Main Author: Żeromski, Stefan, 1864-1925
Format: Book
Language:Russian
Published: Moskva : Izd. "Khudozhest. literatura", 1967.

MARC

Tag First Indicator Second Indicator Subfields
LEADER 00000cam a2200000K 4500
001 in00001625708
005 20151023061224.0
008 920824s1967 ru a 000 1 rus d
035 |a (OCoLC)ocm07315752 
040 |a CLE  |c CLE  |d OCL  |d MIA  |d TXA  |d UtOrBLW 
041 1 |a rus  |h pol 
049 |a TXAM 
090 |a PG7158.Z4  |b P617 1967 
100 1 |a Żeromski, Stefan,  |d 1864-1925. 
240 1 0 |a Popioły.  |l Russian.  |l Russian 
245 1 0 |a Pepel ;  |b roman-khronika kontsa XVIII-nachala XIX stoletii︠a︡ /  |c perevod s polʹskogo. 
264 1 |a Moskva :  |b Izd. "Khudozhest. literatura",  |c 1967. 
300 |a 810 pages :  |b illustrations ;  |c 21 cm. 
336 |a text  |b txt  |2 rdacontent 
337 |a unmediated  |b n  |2 rdamedia 
338 |a volume  |b nc  |2 rdacarrier 
500 |a At head of title: Izdanje Ministarstva poljoprivrede i voda. Odeljenje za ratarstvo. 
948 |a cataloged  |b h  |c 2005/3/9  |d c  |e spoltoratski  |f 11:34:08 am 
994 |a E0  |b TXA 
999 |a MARS 
999 f f |s 9ef77e2a-cb69-335f-bf65-55e3836321f6  |i c97911ca-612d-3734-906e-6f0997248e53  |t 0 
952 f f |p ric  |a Texas A&M University  |b Rellis Campus  |c Joint Library Facility  |d Remote Storage  |t 0  |e PG7158.Z4 P617 1967  |h Library of Congress classification  |i unmediated -- volume  |m A14832324796 
998 f f |a PG7158.Z4 P617 1967  |t 0  |l Remote Storage